Úloha učiteľa v procese humanizácie výchovy a vzdelávania

Guardado en:
Detalles Bibliográficos
Autor principal: Kunovská, Ingrid, 1976-
Formato: Capítulo de libro
Lenguaje:eslovaco
Etiquetas: Agregar Etiqueta
Sin Etiquetas, Sea el primero en etiquetar este registro!

MARC

LEADER 00000naa$a2200000$$$4500
001 0247536
005 20240502083700.0
041 0 |a slo 
044 |a CZ 
245 1 0 |a Úloha učiteľa v procese humanizácie výchovy a vzdelávania  |c Ingrid Kunovská 
100 1 |a Kunovská, Ingrid, 1976-